header

Dental composites with nano-scaled fillers (Record no. 169784)

MARC details
000 -LEADER
fixed length control field 01518nam a2200385Ia 4500
082 04 - DEWEY DECIMAL CLASSIFICATION NUMBER
Classification number 617.6
100 1# - MAIN ENTRY--AUTHOR NAME
Personal name Little, Matthew J.
245 10 - TITLE STATEMENT
Title Dental composites with nano-scaled fillers
260 ## - PUBLICATION, DISTRIBUTION, ETC. (IMPRINT)
Place of publication New York :
Name of publisher Nova Science Publishers,
Year of publication c2010.
300 ## - PHYSICAL DESCRIPTION
Number of Pages viii, 50 p. :
Other physical details ill.
490 1# - SERIES STATEMENT
Series statement Dental science, materials amd technology
Series statement Nanotechnology science and technology
650 #0 - SUBJECT ADDED ENTRY--TOPICAL TERM
Topical Term Dental resins.
Topical Term Composite materials.
700 1# - ADDED ENTRY--PERSONAL NAME
Personal name Fong, Hao,
856 40 - ELECTRONIC LOCATION AND ACCESS
Uniform Resource Identifier http://site.ebrary.com/lib/rucke/Doc?id=10661650

No items available.

© 2026 Rongo University
Contact us: librarian | system librarian | Rongo university